书目信息 |
| 题名: |
京剧打击乐理论研究与多元化运用
|
|
| 作者: | 王奎文 著 | |
| 分册: | ||
| 出版信息: | 北京 新华出版社 2021.3 |
|
| 页数: | 212页 | |
| 开本: | 24cm | |
| 丛书名: | ||
| 单 册: | ||
| 中图分类: | J632.5 | |
| 科图分类: | ||
| 主题词: | 京剧--民族击乐器--研究 | |
| 电子资源: | ||
| ISBN: | 978-7-5166-5236-7 | |
| 000 | 00853nam0 2200229 45 | |
| 001 | 012001000674 | |
| 005 | 20130909124817.0 | |
| 010 | @a978-7-5166-5236-7@dCNY68.00 | |
| 100 | @a20210331d2020 em y0chiy0110 ea | |
| 101 | 0 | @achi |
| 102 | @aCN@b110000 | |
| 105 | @ay z 000yy | |
| 106 | @ar | |
| 200 | 1 | @a京剧打击乐理论研究与多元化运用@Ajing ju da ji yue li lun yan jiu yu duo yuan hua yun yong@f王奎文著 |
| 210 | @a北京@c新华出版社@d2021.3 | |
| 215 | @a212页@d24cm | |
| 330 | @a本书分七章,内容包括:京剧打击乐概述;京剧锣鼓的类别;锣鼓点子的基本理论与设计;京剧打击乐的演奏方式;锣鼓经的音响元素、结构与音色形态;京剧打击乐的审美观念与艺术思维;京剧打击乐的多元化运用。 | |
| 606 | 0 | @a京剧@x民族击乐器@x研究 |
| 690 | @aJ632.5@v5 | |
| 701 | 0 | @a王奎文@Awang kui wen@4著 |
| 801 | @aCN@b江苏凤凰@c20211018 | |
| 905 | @b1340584-7@dJ632.5@e181@f4 | |
| 京剧打击乐理论研究与多元化运用/王奎文著.-北京:新华出版社,2021.3 |
| 212页;24cm |
| ISBN 978-7-5166-5236-7:CNY68.00 |
| 本书分七章,内容包括:京剧打击乐概述;京剧锣鼓的类别;锣鼓点子的基本理论与设计;京剧打击乐的演奏方式;锣鼓经的音响元素、结构与音色形态;京剧打击乐的审美观念与艺术思维;京剧打击乐的多元化运用。 |
| ● |
| 相关链接 |
|
|
|
|
正题名:京剧打击乐理论研究与多元化运用
索取号:J632.5/181
 
预约/预借
| 序号 | 登录号 | 条形码 | 馆藏地/架位号 | 状态 | 备注 |
| 1 | 1340584 | 213405849 | 第一样本阅览室/ [索取号:J632.5/181] | 在馆 | |
| 2 | 1340585 | 213405858 | 第一借阅区/ [索取号:J632.5/181] | 在馆 | |
| 3 | 1340586 | 213405867 | 第一借阅区/ [索取号:J632.5/181] | 在馆 | |
| 4 | 1340587 | 213405876 | 第一借阅区/ [索取号:J632.5/181] | 在馆 |